|
|
|
|
| LEADER |
00000nam0a2200000 4500 |
| 001 |
174553 |
| 005 |
20231031164834.0 |
| 035 |
|
|
|a (RuTPU)RU\TPU\book\189283
|
| 090 |
|
|
|a 174553
|
| 100 |
|
|
|a 20100129d1984 km y0rusy50 ca
|
| 101 |
0 |
|
|a rus
|
| 102 |
|
|
|a RU
|
| 105 |
|
|
|a y g 001zy
|
| 200 |
1 |
|
|a Физические величины и их единицы
|e справочник
|e книга для учителя
|f Л. Р. Стоцкий
|
| 210 |
|
|
|a Москва
|c Просвещение
|d 1984
|
| 215 |
|
|
|a 236 с.
|
| 320 |
|
|
|a Библиогр.: с. 236.
|
| 610 |
1 |
|
|a физические величины
|
| 610 |
1 |
|
|a единицы
|
| 610 |
1 |
|
|a международная система единиц
|
| 610 |
1 |
|
|a метрология
|
| 610 |
1 |
|
|a термины
|
| 610 |
1 |
|
|a физические постоянные
|
| 610 |
1 |
|
|a математические обозначения
|
| 610 |
1 |
|
|a справочники
|
| 675 |
|
|
|a 53.081(035)
|v 3
|
| 700 |
|
1 |
|a Стоцкий
|b Л. Р.
|g Лев Рудольфович
|
| 801 |
|
1 |
|a RU
|b 63413507
|c 20100129
|
| 801 |
|
2 |
|a RU
|b 63413507
|c 20150209
|g RCR
|
| 942 |
|
|
|c BK
|